01608nam a22003977a 4500003000500000005001700005008004100022010001000063011001000073035001000083040000900093090001000102100003600112245021500148260004000363300001000403502008900413590003700502590004100539590004100580590004100621590004100662590004200703650003300745650003300778650004400811650004000855650004200895650004400937650003100981901000701012942001001019949003601029999001701065952012801082CHAP20251002103646.0971013s1980 r 00010 d a54918 a55890 a60043 cCHAP aTesis00aSantos Clynes, Ricardo.9102460 aEfectos de la fertilización con nitrógeno y fósforo sobre la producción forrajera de los pastos pangola (Digitaria decumbens Stant) y estrella de africa (Cynodon plectostachyus Pilger) en los trópicos a(Monterrey N.L.) :bEl autor,c1980 a72 h. aTesis (Ing. Agr. Zootecnista) -- ITESM. Div. de Ciencias Agropecuarias y Marítimas aALEPHb10c20130110lUCH01h1332 aBATCH-UPDb10c20130110lUCH01h0526 aBATCH-UPDb10c20130110lUCH01h2249 aBATCH-UPDb10c20130410lUCH01h0205 aBATCH-UPDb10c20130914lUCH01h1134 aCONVERSIONb10c20130109lUCH01h133017aCynodon nlemfuensis293079917aDigitaria decumbens293257514aFertilizantesxEfecto en pastos.94053614aFósforoxEfecto en pastos.94224814aNitrógenoxEfecto en pastos.98145517aPastos forrajerosxRendimiento298611814aPastosxTrópicos.986085 aBK cTESIS bBCcTESd-129585eTS1i60043si c54918d54918 00102local4051718TESISaBCbBCcPA_TESISd2012-12-17fTESISl0oTesisp-129585r2019-12-31 00:00:00w2019-12-31yTESIS